000 005430000a22001810004500
003 MACL
005 20160420152503.0
008 160420b xxu||||| |||| 00| 0 eng d
040 _aMACL
_cMACL
041 _aHindi
082 _a891.433 SUB
100 _aसुब्‍बाराव टी. आर
_952963
245 _aदुर्ग का पतन
260 _bसाहित्‍य अकादेमी
_c1999
_aनई दिल्‍ली
350 _a2000
650 _aNovel
_952964
942 _cHIN
_k891.433 /SUB / N
_2ddc
999 _c9515
_d9515